000 00438nam a2200181Ia 4500
008 170705s9999 xx 000 0 und d
020 _a9780545346658
245 _a20 questions :
245 _bwhy do feet smell? /
245 _cGilda Berger and Melvin Berger.
260 _aNew York :
260 _bScholastic,
260 _c2012
300 _a48 pages :
300 _bcolor illustration ;
300 _c23cm.
500 _a830
999 _c336949
_d336949